000 01465cab a2200337 4500
001 L136851
008 070227n2007 000 0 eng u
035 _a(Sirsi) u136851
041 0 _aeng
100 1 _aGilg, Jean-Yves
245 0 0 _aPractice trends
_bhousing law
260 _c2007
490 0 _aSolicitors' Journal
_v151(8) 23 February 2007, 240-241(2)
520 _aProvides an update of recent developments in housing law. Covers homelessness, possession proceedings, limits of the duty to provide accommodation under human rights principles, and ASBOs and evictions. Also reports on the recent CA decision in "Watchman v Ipswich Borough Council" (CA, 8 February 2007, unreported).
590 _aKA
650 2 4 _aROBINSON V HAMMERSMITH AND FULHAM LBC
650 2 4 _aR V HAMMERSMITH AND FULHAM LBC EX P M
650 2 4 _aMANCHESTER CITY COUNCIL V ROMANO
650 2 4 _aNORTH BRITISH HOUSING ASSOCIATION LTD V MATTHEWS
650 2 4 _aCODONA V MID-BEDFORDSHIRE DC
650 2 4 _aCONVILLE V RICHMOND UPON THAMES LBC
650 2 4 _aWATCHMAN V IPSWICH BC
650 2 4 _aTSFAYO V UNITED KINGDOM
650 2 4 _aCONVENTION FOR THE PROTECTION OF HUMAN RIGHTS AND FUNDAMENTAL FREEDOMS ART 6
650 2 4 _aDISABILITY DISCRIMINATION ACT 1995
650 2 4 _aHOUSING ACT 1988
650 2 4 _aANTI-SOCIAL BEHAVIOUR ORDERS
651 4 _aEngland and Wales
_y1543-
690 _aPROPERTY-RESIDENTIAL PROPERTY-DOMESTIC RESIDENTIAL PROPERTY-HOUSING
942 _n0
999 _c78473
_d78473